The 10 countries that have won the most military victorie in the world - Statistiques

Statistiques générales
  • Ce quiz a été pris 41 fois
  • Le résultat moyen est 4 sur 10
Statistiques - réponses
Hint Réponse % Correct
1115 France
100%
883 usa
87%
491 Russie
53%
425 Allemagne
50%
387 Espagne
47%
391 Italie
40%
344 Pologne
20%
210 Turquie
17%
209 Autriche
7%
1105 Royaume unies
0%
Aucun quiz correspondant
Distribution des résultats
% des personnes avec chaque résultat
Percentile par nombre de réponses
Votre historique - résultats
Vous n’avez pas pris ce quiz